লোডিং...

Essentials of Modern Optical Fibre Communication

গ্রন্থ-পঞ্জীর বিবরন
প্রধান লেখক: Noe, Reinhold
বিন্যাস: Printed Book
প্রকাশিত: Berlin Springer Verlag 2016
সংস্করন:2nd Ed.
বিষয়গুলি:
LEADER 00504nam a22001457a 4500
999 |c 242001  |d 242001 
020 |a 9783662496213 
082 |a 621.3827  |b NOE.E 
100 |a Noe, Reinhold 
245 |a Essentials of Modern Optical Fibre Communication 
250 |a 2nd Ed. 
260 |a Berlin  |b Springer Verlag  |c 2016 
650 |a Optical fibre communication,Fibre Optics 
942 |c BK 
952 |0 0  |1 0  |4 0  |6 621_382700000000000_NOE_E  |7 0  |9 256881  |a CAMPUS  |b CAMPUS  |d 2019-12-18  |l 0  |o 621.3827 NOE.E  |p 26875  |r 2019-12-18  |w 2019-12-18  |y BK